<?xml version="1.0" encoding="UTF-8"?>
<record
    xmlns:xsi="http://www.w3.org/2001/XMLSchema-instance"
    xsi:schemaLocation="http://www.loc.gov/MARC21/slim http://www.loc.gov/standards/marcxml/schema/MARC21slim.xsd"
    xmlns="http://www.loc.gov/MARC21/slim">

  <leader>03338nam a2200349 a 4500</leader>
  <controlfield tag="001">000029832</controlfield>
  <controlfield tag="005">20250219170734.0</controlfield>
  <controlfield tag="008">110426s2011    dr            000 0 spa d</controlfield>
  <datafield tag="020" ind1=" " ind2=" ">
    <subfield code="a">9789945869651</subfield>
  </datafield>
  <datafield tag="020" ind1=" " ind2=" ">
    <subfield code="a">9789945869668</subfield>
  </datafield>
  <datafield tag="040" ind1=" " ind2=" ">
    <subfield code="a">DO-SdBNP</subfield>
    <subfield code="b">spa</subfield>
    <subfield code="c">BNPHU</subfield>
  </datafield>
  <datafield tag="082" ind1=" " ind2=" ">
    <subfield code="a">304.8</subfield>
    <subfield code="b">M935m</subfield>
  </datafield>
  <datafield tag="245" ind1="0" ind2="0">
    <subfield code="a">Movimientos migratorios desde y hacia la Rep&#xFA;blica Dominicana /</subfield>
    <subfield code="c">editor Roberto E. Liz ; pr&#xF3;logo Juan Tem&#xED;stocles Montas ; introducci&#xF3;n Wilfredo Lozano.</subfield>
  </datafield>
  <datafield tag="260" ind1=" " ind2=" ">
    <subfield code="a">Santo Domingo :</subfield>
    <subfield code="b">Ministerio de Economia, Planificaci&#xF3;n y Desarrollo :</subfield>
    <subfield code="b">FIES ,</subfield>
    <subfield code="c">2011.</subfield>
  </datafield>
  <datafield tag="300" ind1=" " ind2=" ">
    <subfield code="a">2 v. ;</subfield>
    <subfield code="c">23 cm.</subfield>
  </datafield>
  <datafield tag="500" ind1=" " ind2=" ">
    <subfield code="a">Incluye referencias bibliogr&#xE1;ficas y notas al pie de las p&#xE1;ginas</subfield>
  </datafield>
  <datafield tag="500" ind1=" " ind2=" ">
    <subfield code="a">Incluye referencias bibliogr&#xE1;ficas al final de los cap&#xED;tulos</subfield>
  </datafield>
  <datafield tag="505" ind1="0" ind2=" ">
    <subfield code="g">v.1</subfield>
    <subfield code="t">Presentaci&#xF3;n /</subfield>
    <subfield code="r">Roberto E. Liz --</subfield>
    <subfield code="t">Pr&#xF3;logo /</subfield>
    <subfield code="t">Juan Tem&#xED;stocles Mont&#xE1;s --</subfield>
    <subfield code="t">Introducci&#xF3;n /</subfield>
    <subfield code="r">Wilfredo Lozano --</subfield>
    <subfield code="t">La mano de obra haitiana en la construcci&#xF3;n: caracter&#xED;sticas, valoraciones y pr&#xE1;cticas /</subfield>
    <subfield code="r">Isis Duarte --</subfield>
    <subfield code="t">Costos y beneficios de la mano de obra haitiana en el sector construcci&#xF3;n /</subfield>
    <subfield code="r">Milka Cuello y Felipe Santos --</subfield>
    <subfield code="t">La presencia de la mujeres migrantes haitianas en el servicio dom&#xE9;stico en la Rep&#xFA;blica Dominicana /</subfield>
    <subfield code="r">Bridget Wooding y Alicia Sangro --</subfield>
    <subfield code="t">Impacto de la migraci&#xF3;n haitiana sobre el mercado laboral y las finanzas p&#xFA;blicas en la Rep&#xFA;blica Dominicana /</subfield>
    <subfield code="r">Jaime Aristy Escuder --</subfield>
    <subfield code="t">Remesas, pobreza y desigualdad: una perspectiva desde los hogares y las regiones de la Rep&#xFA;blica Dominicana /</subfield>
    <subfield code="r">Ramonina Brea y Joel Arboleda --</subfield>
    <subfield code="t">Notas bibliogr&#xE1;fica de los autores --</subfield>
    <subfield code="g">v. 2</subfield>
    <subfield code="t">&#xCD;ndice general --</subfield>
    <subfield code="t">Presentaci&#xF3;n de los editores /</subfield>
    <subfield code="r">Roberto E. Liz --</subfield>
    <subfield code="t">Pr&#xF3;logo /</subfield>
    <subfield code="r">Juan Tem&#xED;stocles Mont&#xE1;s --</subfield>
    <subfield code="t">introducci&#xF3;n: las rutas de inmigraci&#xF3;n /</subfield>
    <subfield code="r">Wilfredo Lozano --</subfield>
    <subfield code="t">La migraci&#xF3;n y sus repercusiones en la escuela: an&#xE1;lisis de la situaci&#xF3;n y de la percepciones de cambio social /</subfield>
    <subfield code="r">Raymundo Gonz&#xE1;lez, Josefina Zaiter, Monica Goz&#xE1;lez --</subfield>
    <subfield code="t">Inclusi&#xF3;n de ni&#xF1;os inmigrantes haitianos en el sistema escolar dominicano /</subfield>
    <subfield code="r">Liliam N. Garc&#xED;a M&#xE1;rquez, V&#xED;ctor Ml. Brens Paulino --</subfield>
    <subfield code="t">Los estudiantes universitarios haitianos en la Rep&#xFA;blica Dominicana /</subfield>
    <subfield code="r">Frank D&#xB4;Oleo Ram&#xED;rez --</subfield>
    <subfield code="t">Otras migraciones y remesas --</subfield>
    <subfield code="t">La otra migraci&#xF3;n: estudios sobre la corrientes de in migraci&#xF3;n de procedencia extra-insular /</subfield>
    <subfield code="r">Francisco E. C&#xE1;ceres Ure&#xF1;a, Francisco B. B&#xE1;ez Evertz, C&#xE9;sar A. Caama&#xF1;o D&#xED;az --</subfield>
    <subfield code="t">Migraciones a Espa&#xF1;a y remesas /</subfield>
    <subfield code="r">Alejandro Mart&#xED;nez, Alicia Sangro --</subfield>
    <subfield code="t">Nota biogr&#xE1;fica de los autores</subfield>
  </datafield>
  <datafield tag="590" ind1=" " ind2=" ">
    <subfield code="a">Inventariado, 2018/VM</subfield>
  </datafield>
  <datafield tag="650" ind1=" " ind2="4">
    <subfield code="a">Migraci&#xF3;n interna</subfield>
    <subfield code="z">Rep&#xFA;blica Dominicana</subfield>
    <subfield code="9">53304</subfield>
  </datafield>
  <datafield tag="650" ind1=" " ind2="4">
    <subfield code="a">Haitianos en rep&#xFA;blica dominicana</subfield>
    <subfield code="9">2246</subfield>
  </datafield>
  <datafield tag="650" ind1=" " ind2="0">
    <subfield code="a">Dominicanos en Espa&#xF1;a</subfield>
    <subfield code="9">2176</subfield>
  </datafield>
  <datafield tag="651" ind1=" " ind2="4">
    <subfield code="a">Rep&#xFA;blica Dominicana</subfield>
    <subfield code="x">Emigraci&#xF3;n E Inmigraci&#xF3;n</subfield>
    <subfield code="x">Aspectos Sociales</subfield>
    <subfield code="9">9361</subfield>
  </datafield>
  <datafield tag="651" ind1=" " ind2="4">
    <subfield code="a">Rep&#xFA;blica Dominicana</subfield>
    <subfield code="x">Emigraci&#xF3;n E Inmigraci&#xF3;n</subfield>
    <subfield code="x">Aspectos Econ&#xF3;micos</subfield>
    <subfield code="9">9359</subfield>
  </datafield>
  <datafield tag="700" ind1="1" ind2="2">
    <subfield code="a">Lozano, Wilfredo</subfield>
    <subfield code="d">1950-</subfield>
    <subfield code="e">introd.</subfield>
    <subfield code="9">7126</subfield>
  </datafield>
  <datafield tag="700" ind1="1" ind2="2">
    <subfield code="a">Liz, Roberto E.</subfield>
    <subfield code="e">ed.</subfield>
    <subfield code="9">37488</subfield>
  </datafield>
  <datafield tag="700" ind1="1" ind2="2">
    <subfield code="a">Mont&#xE1;s, Juan Tem&#xED;stocles </subfield>
    <subfield code="d">1950-</subfield>
    <subfield code="e">pr&#xF3;l.</subfield>
    <subfield code="9">79676</subfield>
  </datafield>
  <datafield tag="700" ind1="1" ind2=" ">
    <subfield code="a">Lozano, Wilfredo</subfield>
    <subfield code="d">1950-</subfield>
    <subfield code="e">introd.</subfield>
    <subfield code="9">7126</subfield>
  </datafield>
  <datafield tag="710" ind1="1" ind2=" ">
    <subfield code="a">Rep&#xFA;blica Dominicana. </subfield>
    <subfield code="b">Ministerio de Econom&#xED;a, Planificaci&#xF3;n y Desarrollo </subfield>
    <subfield code="9">66142</subfield>
  </datafield>
  <datafield tag="710" ind1="2" ind2=" ">
    <subfield code="a">Fondo para el Fomento de la Investigaci&#xF3;n Econ&#xF3;mica y Social</subfield>
    <subfield code="9">56587</subfield>
  </datafield>
  <datafield tag="910" ind1=" " ind2=" ">
    <subfield code="a">Validado. Control de calidad MFF</subfield>
  </datafield>
  <datafield tag="952" ind1=" " ind2=" ">
    <subfield code="0">0</subfield>
    <subfield code="1">0</subfield>
    <subfield code="5">4</subfield>
    <subfield code="7">0</subfield>
    <subfield code="8">PD</subfield>
    <subfield code="a">GR</subfield>
    <subfield code="b">GR</subfield>
    <subfield code="c">HD</subfield>
    <subfield code="d">2011-04-26</subfield>
    <subfield code="i">LF1</subfield>
    <subfield code="l">0</subfield>
    <subfield code="o">v. 1, e. 3</subfield>
    <subfield code="p">29832-30</subfield>
    <subfield code="r">2020-06-25</subfield>
    <subfield code="w">2020-06-25</subfield>
    <subfield code="y">LFPD</subfield>
    <subfield code="Z">Pr&#xE9;stamo en sala</subfield>
  </datafield>
  <datafield tag="952" ind1=" " ind2=" ">
    <subfield code="0">0</subfield>
    <subfield code="1">0</subfield>
    <subfield code="5">4</subfield>
    <subfield code="7">0</subfield>
    <subfield code="8">PD</subfield>
    <subfield code="a">GR</subfield>
    <subfield code="b">GR</subfield>
    <subfield code="c">HD</subfield>
    <subfield code="d">2011-05-10</subfield>
    <subfield code="i">LF1</subfield>
    <subfield code="l">0</subfield>
    <subfield code="o">v. 2, e. 3</subfield>
    <subfield code="p">29832-60</subfield>
    <subfield code="r">2020-06-25</subfield>
    <subfield code="w">2020-06-25</subfield>
    <subfield code="y">LFPD</subfield>
    <subfield code="Z">Pr&#xE9;stamo en sala</subfield>
  </datafield>
  <datafield tag="952" ind1=" " ind2=" ">
    <subfield code="0">0</subfield>
    <subfield code="1">0</subfield>
    <subfield code="7">1</subfield>
    <subfield code="8">PD</subfield>
    <subfield code="a">PD</subfield>
    <subfield code="b">PD</subfield>
    <subfield code="c">HD</subfield>
    <subfield code="d">2011-04-26</subfield>
    <subfield code="i">LF1</subfield>
    <subfield code="l">0</subfield>
    <subfield code="o">v. 1</subfield>
    <subfield code="p">29832-10</subfield>
    <subfield code="r">2020-06-25</subfield>
    <subfield code="w">2020-06-25</subfield>
    <subfield code="y">LFPD</subfield>
    <subfield code="Z">No se presta</subfield>
  </datafield>
  <datafield tag="952" ind1=" " ind2=" ">
    <subfield code="0">0</subfield>
    <subfield code="1">0</subfield>
    <subfield code="7">1</subfield>
    <subfield code="8">PD</subfield>
    <subfield code="a">PD</subfield>
    <subfield code="b">PD</subfield>
    <subfield code="c">HD</subfield>
    <subfield code="d">2011-04-26</subfield>
    <subfield code="i">LF1</subfield>
    <subfield code="l">0</subfield>
    <subfield code="o">v. 1, e. 2</subfield>
    <subfield code="p">29832-20</subfield>
    <subfield code="r">2020-06-25</subfield>
    <subfield code="w">2020-06-25</subfield>
    <subfield code="y">LFPD</subfield>
    <subfield code="Z">No se presta</subfield>
  </datafield>
  <datafield tag="952" ind1=" " ind2=" ">
    <subfield code="0">0</subfield>
    <subfield code="1">0</subfield>
    <subfield code="7">1</subfield>
    <subfield code="8">PD</subfield>
    <subfield code="a">PD</subfield>
    <subfield code="b">PD</subfield>
    <subfield code="c">HD</subfield>
    <subfield code="d">2011-05-10</subfield>
    <subfield code="i">LF1</subfield>
    <subfield code="l">0</subfield>
    <subfield code="o">v. 2</subfield>
    <subfield code="p">29832-40</subfield>
    <subfield code="r">2020-06-25</subfield>
    <subfield code="w">2020-06-25</subfield>
    <subfield code="y">LFPD</subfield>
    <subfield code="Z">No se presta</subfield>
  </datafield>
  <datafield tag="952" ind1=" " ind2=" ">
    <subfield code="0">0</subfield>
    <subfield code="1">0</subfield>
    <subfield code="7">1</subfield>
    <subfield code="8">PD</subfield>
    <subfield code="a">PD</subfield>
    <subfield code="b">PD</subfield>
    <subfield code="c">HD</subfield>
    <subfield code="d">2011-05-10</subfield>
    <subfield code="i">LF1</subfield>
    <subfield code="l">0</subfield>
    <subfield code="o">v. 2, e. 2</subfield>
    <subfield code="p">29832-50</subfield>
    <subfield code="r">2020-06-25</subfield>
    <subfield code="w">2020-06-25</subfield>
    <subfield code="y">LFPD</subfield>
    <subfield code="Z">No se presta</subfield>
  </datafield>
  <datafield tag="999" ind1=" " ind2=" ">
    <subfield code="c">29324</subfield>
    <subfield code="d">29324</subfield>
  </datafield>
</record>
